Alle Sieger von F1-Rennen in Portugal - Statistiken

Allgemein
  • Dieses Quiz wurde 116 mal gespielt
  • Das Durchschnittsergebnis liegt bei 14 aus 18
Antwortstatistiken
Nr. Jahr Strecke Konstrukteur Nationalität Fahrer % Korrekt
17 2020 Portimão Mercedes GBR Lewis Hamilton
100%
18 2021 Portimão Mercedes GBR Lewis Hamilton
100%
13 1993 Estoril Benetton GER Michael Schumacher
94%
4 1984 Estoril McLaren FRA Alain Prost
91%
7 1987 Estoril McLaren FRA Alain Prost
91%
8 1988 Estoril McLaren FRA Alain Prost
91%
5 1985 Estoril Lotus BRA Ayrton Senna
90%
14 1994 Estoril Williams GBR Damon Hill
89%
16 1996 Estoril Williams CAN Jacques Villeneuve
88%
9 1989 Estoril Ferrari AUT Gerhard Berger
80%
6 1986 Estoril Williams GBR Nigel Mansell
77%
10 1990 Estoril Ferrari GBR Nigel Mansell
77%
12 1992 Estoril Williams GBR Nigel Mansell
77%
3 1960 Porto Cooper AUS Jack Brabham
60%
15 1995 Estoril Williams GBR David Coulthard
57%
11 1991 Estoril Williams ITA Riccardo Patrese
50%
1 1958 Porto Vanwall GBR Stirling Moss
42%
2 1959 Lissabon Cooper GBR Stirling Moss
42%
Keine übereinstimmenden Quizze gefunden
Verteilung der Resultate
Anzahl Personen mit jedem Resultat
Perzentil nach korrekt beantworteten Fragen
Ihre Resultats-Entwicklung
Sie haben dieses Quiz noch nicht gespielt